História a súčasnosť lekárne v martinskej nemocnici

Bibliographic Details
Main Author: Bukovská, Andrea (Author)
Format: Book
Language:Slovak
PhysicalDescription:43 s. tab. 21 cm
Published: Martin Nemocničná lekáreň UNM 2010
Subjects:

MARC

LEADER 00000nam a2200000 a 4500
001 vtls010206615
003 SK-MaSNL
005 20260302011546.0
008 240318s2010 xo l g 000 0 slo
015 |a SNBA2011/12-06162 
035 |a 53FBF6BB-AD63-4F0B-8593-81B411B52D0F 
035 |a urn:nbn:sk:snk-amjgr9 
035 |a urn:nbn:sk:snk-am001s42 
040 |a SNK  |b slo  |c SNK  |e AACR2 
041 0 |a slo 
043 |a e-xo--- 
044 |a xo  |c SK 
072 7 |a 615  |x Farmácia. Farmakológia  |2 konspekt 
080 |a 615.12(091)  |2 2001 
080 |a (437.6)  |2 2001 
080 |a (036)  |2 2001 
100 1 |a Bukovská, Andrea  |4 aut  |9 326858 
245 1 0 |a História a súčasnosť lekárne v martinskej nemocnici  |c Andrea Bukovská ; recenzia: Eva Grozmanová 
260 |a Martin  |b Nemocničná lekáreň UNM  |c 2010 
300 |a 43 s.  |b tab.  |c 21 cm 
366 |e 100 výt. 
504 |a Bibliogr. s. 38. Zoz. skrat. 
610 2 7 |a Univerzitná nemocnica Martin.  |b Nemocničná lekáreň  |2 SNKKA  |9 58054 
650 0 7 |a lekárne  |x dejiny  |2 SNKPH  |9 652216 
650 0 7 |a Pharmacies  |x history  |2 SNKPHeng  |9 652217 
655 7 |a informačné publikácie  |2 SNKPH  |9 70181 
655 7 |a Information publications  |2 SNKPHeng  |9 265188 
700 1 |a Grozmanová, Eva  |4 oth  |9 414947 
852 |a Štátna vedecká knižnica v Banskej Bystrici 
958 |a OND 
958 |a NB 
958 |a MI 
968 |d 61 
999 |c 1006549  |d 1008479 
952 |a SNK  |b SNK  |y PREZ  |7 0  |p 17A0689416  |o snkSC 144139  |i snk2011/3959  |8 0  |0 0  |1 0  |4 0  |d 2011-02-22  |l 0  |r 2025-07-11 00:00:00  |w 2026-02-24 
952 |a SNK  |b SNK  |y VYP  |7 0  |p 17A0690623  |o snkSC 144139 D1  |i snk2011/5431  |8 0  |0 0  |1 0  |4 0  |d 2011-03-10  |f 1  |l 0  |r 2026-02-24 12:38:31  |w 2026-02-24